Подробности
| 000 -МАРКЕР |
| контрольное поле |
02961nam0a22003491 4500 |
| 001 - ИДЕНТИФИКАТОР ЗАПИСИ |
| контрольное поле |
rc\4523231 |
| 005 - ИДЕНТИФИКАТОР ВЕРСИИ |
| контрольное поле |
20250612110021.0 |
| 010 ## - МЕЖДУНАРОДНЫЙ СТАНДАРТНЫЙ НОМЕР КНИГИ (ISBN) |
| Уточнения |
В пер. |
| Цена |
6 р. 90 к. |
| Тираж |
90000 |
| 021 ## - НОМЕР ГОСУДАРСТВЕННОЙ РЕГИСТРАЦИИ |
| Код страны |
российская федерация |
| Номер |
[60-52584] |
| 035 ## - ДРУГИЕ СИСТЕМНЫЕ НОМЕРА |
| Идентификатор записи |
(NLR Aleph) 008626298 |
| 100 ## - ДАННЫЕ ОБЩЕЙ ОБРАБОТКИ |
| Данные общей обработки |
20130416d1960 |||y0rusy50 ca |
| 101 0# - ЯЗЫК РЕСУРСА |
| Язык текста, звукозаписи и т.д. |
русский |
| 102 ## - СТРАНА ПУБЛИКАЦИИ ИЛИ ПРОИЗВОДСТВА |
| Страна публикации |
российская федерация |
| 105 ## - ПОЛЕ КОДИРОВАННЫХ ДАННЫХ: ТЕКСТОВЫЕ МАТЕРИАЛЫ, МОНОГРАФИЧЕСКИЕ |
| Кодированные данные о монографическом текстовом документе |
ac z |||cc |
| 200 1# - ЗАГЛАВИЕ И СВЕДЕНИЯ ОБ ОТВЕТСТВЕННОСТИ |
| Основное заглавие |
Полководцы гражданской войны |
| 210 ## - ПУБЛИКАЦИЯ, РАСПРОСТРАНЕНИЕ И ДР. |
| Место издания, распространения и т.д. |
Москва |
| Имя издателя, распространителя и т. д. |
Молодая гвардия |
| Дата издания, распространения и т.д. |
1960 |
| 215 ## - ФИЗИЧЕСКАЯ ХАРАКТЕРИСТИКА |
| Специфическое обозначение материала и объем |
351 с., 6 л. ил. |
| Другие сведения о физической характеристике |
портр. |
| Размеры |
21 |
| 225 1# - СЕРИЯ |
| Основное заглавие серии |
Жизнь замечательных людей |
| Сведения, относящиеся к заглавию |
серия биографий |
| -- |
основана в 1933 г. М. Горьким |
| Обозначение тома |
вып. 11 [301] |
| 300 ## - ОБЩИЕ ПРИМЕЧАНИЯ |
| Текст примечания |
Серия указана на общем тит.л. |
| 327 0# - ПРИМЕЧАНИЯ О СОДЕРЖАНИИ |
| Текст примечания |
Очерки о М. Фрунзе, С. Каменеве, А. Егорове, В. Блюхере, Я. Фабрициусе, С. Вострецове, Г. Котовском, Е. Ковтюхе, В. Киквидзе, Н. Щорсе, В. Азине, О. Городовикове, Р. Сиверсе |
| 464 #0 - АНАЛИТИЧЕСКИЙ УРОВЕНЬ |
| Встроенное поле |
702#1$aФрунзе$bМ. В.$cреволюц., гос. и воен. деятель$f1885-1925$gМихаил Васильевич$3RU\NLR\AUTH\770182466$4570 |
| -- |
702#1$3RU\NLR\AUTH\77118161$7ca$aКаменев$bС. С.$f1881-1936$gСергей Сергеевич$4570 |
| -- |
702#1$3RU\NLR\AUTH\77120945$aЕгоров$bА. И.$cреволюц. деятель$f1883-1939$gАлександр Ильич$4570 |
| -- |
702#1$3RU\NLR\AUTH\7772896$7ca$aБлюхер$bВ. К.$f1890-1938$gВасилий Константинович$4570 |
| -- |
702#1$aФабрициус$bЯ. Ф.$f1877-1929$gЯн Фрицевич$4570 |
| -- |
702#1$aВострецов$bС. С.$f1883-1932$gСтепан Сергеевич$4570 |
| -- |
702#1$3RU\NLR\AUTH\773206$7ca$aКотовский$bГ. И.$f1881-1925$gГригорий Иванович$4570 |
| -- |
702#1$aКовтюх$bЕ. И.$f1890-1938$gЕпифан Иович$4570 |
| -- |
702#1$aКиквидзе$bВ. И.$f1894-1919$4570 |
| -- |
702#1$aЩорс$bН. А.$f1895-1919$gНиколай Александрович$cреволюц. и воен. деятель$3RU\NLR\AUTH\770210125$4570 |
| -- |
702#1$aАзин$bВ. М.$f1895-1920$gВладимир Мартынович$4570 |
| -- |
702#1$aГородовиков$bО. И.$f1879-1960$gОка Иванович$4570 |
| -- |
702#1$aСиверс$bР. Ф.$f1892-1918$gРудольф Фердинандович$4570 |
| 606 1# - НАИМЕНОВАНИЕ ТЕМЫ КАК ПРЕДМЕТ |
| Наименование темы |
Гражданская война и интервенция в СССР |
| Формальный подзаголовок |
Сборники |
| Тематический подзаголовок |
Герои и героизм |
| Хронологический подзаголовок |
1918 - 1920 |
| Системный номер авторитетной/нормативной записи |
936733 |
| Идентификатор авторитетной/нормативной записи |
RU\NLR\AUTH\6627265 |
| 606 1# - НАИМЕНОВАНИЕ ТЕМЫ КАК ПРЕДМЕТ |
| Наименование темы |
Полководцы Советской Армии |
| Формальный подзаголовок |
Сборники |
| Системный номер авторитетной/нормативной записи |
892442 |
| Идентификатор авторитетной/нормативной записи |
RU\NLR\AUTH\66323052 |
| 686 0# - ИНДЕКСЫ ДРУГИХ КЛАССИФИКАЦИЙ |
| Индекс |
Ц35(2)712-424д |
| Код системы |
|
| 801 #0 - ИСТОЧНИК ЗАПИСИ |
| Страна |
российская федерация |
| Организация |
NLR |
| Дата составления |
20130416 |
| Правила каталогизации |
psbo |
| 801 #1 - ИСТОЧНИК ЗАПИСИ |
| Страна |
российская федерация |
| Организация |
ELAR |
| Дата составления |
20130416 |
| Источник данных |
rusmarc |
| 801 #2 - ИСТОЧНИК ЗАПИСИ |
| Страна |
российская федерация |
| Организация |
NLR |
| Дата составления |
20150717 |
| Источник данных |
rusmarc |
| 852 ## - МЕСТОНАХОЖДЕНИЕ И ШИФР ХРАНЕНИЯ |
| Идентификатор организации |
NLR |
| Шифр хранения (Call Number) |
60-3/3638 |
| 942 ## - ДОПОЛНИТЕЛЬНЫЕ ЭЛЕМЕНТЫ ЗАПИСИ (АБИС) |
| Тип экземпляра АБИС |
Книга |
| 980 ## - КОЛЛЕКЦИЯ |
| Название коллекции |
Национальная библиография |